Learning and practicing econometrics

Αποθηκεύτηκε σε:
Λεπτομέρειες βιβλιογραφικής εγγραφής
Κύριος συγγραφέας: Griffiths, William E.
Άλλοι συγγραφείς: Hill, R. Carter, Judge, George G.
Μορφή: Βιβλίο
Γλώσσα:English
Δημοσίευση: New York : John Wiley & Sons, c1993
Θέματα:
Ετικέτες: Προσθήκη ετικέτας
Δεν υπάρχουν, Καταχωρήστε ετικέτα πρώτοι!

MARC

LEADER 00000nam a2200000 i 4500
001 1/94366
008 980729s1993 eng d
020 |a 0-471-51364-4 
035 |l 10054776 
040 |a GR-MY-UA  |b gre  |e aacr 
041 0 |a eng 
082 0 |a 330.015195 
100 1 |a Griffiths, William E. 
245 1 0 |a Learning and practicing econometrics /  |c Wiliam G. Griffiths, R. Carter Hill, George G. Judge 
260 |a New York :   |b John Wiley & Sons,   |c c1993 
300 |a xxv, 866 p.;  |b ill.;  |c 26 cm. 
500 |a Includes bibliographical references and index 
650 0 0 |a Econometrics. 
700 1 |a Hill, R. Carter. 
700 1 |a Judge, George G. 
852 |a INST  |b CHIOS  |e 20000111  |h 330.015195 GRI  |p 005200016709  |q 005200016709  |t BK  |y 0 
852 |a INST  |b CHIOS  |e 20000111  |h 330.015195 GRI  |p 005200016710  |q 005200016710  |t BK  |y 0 
852 |a INST  |b CHIOS  |e 19991126  |h 330.015195 GRI  |p 005200019385  |q 005200019385  |t BK  |y 0 
852 |a INST  |b SAMOS  |e 19980729  |h 330.015195 GRI  |p 005300010869  |q 005300010869  |t BK  |y 0 
901 |a BIBL2-1999-3 
901 |a BIBL-1998-2 
909 |a Σ  |b 057569 
909 |a Χ  |b 070054 
909 |a Χ  |b 073161 
909 |a Χ  |b 073162 
922 |a 3ΕΛΗ  |b 199807  |c ΔΩΡ  |d JOHN WILEY 
922 |a 2ΕΛΗ  |b 199910  |c ΤΝΕΥ  |d GLORYBOOK-ECONOMIST 
922 |a 2ΕΛΗ  |b 199910  |c ΤΔΕ  |d GLORYBOOK-ECONOMIST 
950 |a 112-1999-08-31